000 01070nam a2200325Ia 4500
001 8484
003 IT-RoPAU
008 130308s9999 xx 000 0 und d
040 _aIT-RoPAU
040 _cIT-RoPAU
041 _aFRANCESE
100 _aAA.VV.
100 _gCodice Aut. SPICS: 12000
245 _aAnalyse de l'ideologie-1-Problematiques
245 _bAnalyse de L'Ideologie-1-Problematiques
250 _a1a ed.
260 _aPARIS
260 _bGalilee
260 _c1980 [1° Ed.:1980 - Ed.Ling.Originale:1980]
300 _a"374 p. (prefazione: no ; testo: 374)"
500 _aAnalisi dell'Ideologia: Volume Primo Sulle problematiche con contributi Diautori vari a cura di Gerard Duprat. mutazioni Teoriche. Ideologia e Legittimità. Sguardi Politici. Gli Autori dei contributi Sono membri del Centrostudi del pensiero Politico.
650 _aEPISTEMOLOGIA
650 _eCodice materia Spics: 3051
700 _aDuprat Gerard
700 _gCodice Aut. SPICS: 26469
942 _cBK
957 _71
999 _c65284
_d65284
999 _bSI
999 _g1